000 00382 a2200169 4500
001 49316
020 _a8535607749
040 _cAnchieta - Bela Vista
100 _aGaboardi, Lucila C.
240 1 0 _aO retorno de Filomena
_lpor
245 1 0 _aO retorno de Filomena
300 _a28
362 0 _a2002
440 1 _aPaulinas
650 4 _aLiteratura infanto-juvenil
942 _cBK
999 _c49316
_d49316